[Event "VI Open de Primavera de Gros"]
[Site "Donostia"]
[Date "2010.04.24"]
[Round "1"]
[Board "1"]
[White "Guijarro Galan, Jose Luis"]
[Black "Vicente Ezeiza, Mikel"]
[Result "1-0"]
[WhiteElo "2104"]
[BlackElo "1674"]
[PlyCount "0"]
[EventDate "2010.04.24"]
[EventRounds "8"]
[EventCountry "ESP"]

1.e4 d5 2.Nc3 d4 3.Nce2 e5 4.d3 Nc6 5.f4 f6 6.Nf3 Bg4 7.Ng3 Bb4+ 8.Kf2 Qd6
9.fxe5 fxe5 10.Be2 O-O-O 11.Rf1 Nf6 12.Kg1 Rhf8 13.h3 Nh5 14.Nxh5 Bxh5 15.a3 Ba5
16.b4 Bb6 17.Bd2 h6 18.Rb1 g5 19.a4 a6 20.b5 axb5 21.Rxb5 Bxf3 22.Bxf3 Qa3
23.Qb1 Qxa4 24.Qb2 Qa7 25.Bg4+ Kb8 26.Ra1 Ba5 27.Bxa5 Nxa5 28.Rbxa5 Qxa5 29.Rxa5
Rd6 30.Qa3

[Event "VI Open de Primavera de Gros"]
[Site "Donostia"]
[Date "2010.04.24"]
[Round "1"]
[Board "1"]
[White "Mendia Rezola, Jokin"]
[Black "Urretavizcaya Merino, Asier"]
[Result "0-1"]
[WhiteElo "1664"]
[BlackElo "2073"]
[PlyCount "0"]
[EventDate "2010.04.24"]
[EventRounds "8"]
[EventCountry "ESP"]

1.e4 c5 2.Nf3 d6 3.c4 Nc6 4.d4 cxd4 5.Nxd4 Nf6 6.Nc3 g6 7.Be2 Bg7 8.f3 O-O 9.Be3
Bd7 10.Qd2 Qa5 11.O-O Rfe8 12.a3 a6 13.Rac1 Rec8 14.Rfd1 Rab8 15.Nb3 Qd8 16.Bg5
Qb6+ 17.Nd4 Nxe4 18.Nxe4 Nxd4 19.Be3 Nxe2+ 20.Qxe2 Qxb2

[Event "VI Open de Primavera de Gros"]
[Site "Donostia"]
[Date "2010.04.24"]
[Round "1"]
[Board "1"]
[White "Aizpurua Zufiria, Inaki"]
[Black "Olmo Vega, Diego"]
[Result "0-1"]
[WhiteElo "1648"]
[BlackElo "2025"]
[PlyCount "0"]
[EventDate "2010.04.24"]
[EventRounds "8"]
[EventCountry "ESP"]

1.d4 Nf6 2.Nf3 g6 3.Nc3 Bg7 4.e4 d6 5.Be2 O-O 6.O-O c6 7.Bf4 Nbd7 8.h3 c5 9.dxc5
Nxc5 10.Qd2 Nfxe4 11.Nxe4 Nxe4 12.Qc1 Re8 13.c3 Qb6 14.Be3 Qc7 15.Rd1 Bd7 16.Nd4
a6 17.Qc2 Nc5 18.b3 Ne6 19.Rac1 Rac8 20.Qd2 Qa5 21.Qb2 Nxd4 22.Bxd4 Bh6 23.Rc2
Bc6 24.c4 e5 25.Bc3 Qc7 26.Bd2 Bg7 27.Bc3 Rcd8 28.Qc1 f5 29.Qd2 Kh8 30.Bb4 Re6
31.c5 Qd7 32.Ba5 Rc8 33.Bc4 Rf6 34.Bb6 Bf8 35.Qg5 Kg7 36.h4 d5 37.h5 h6 38.Qh4
Qe6 39.Be2 d4 40.Bc4 Bd5

[Event "VI Open de Primavera de Gros"]
[Site "Donostia"]
[Date "2010.05.01"]
[Round "2"]
[Board "1"]
[White "Corral Sierra, Javier"]
[Black "D Anna Razzetti, Juan Pablo"]
[Result "1-0"]
[WhiteElo "2123"]
[BlackElo "1804"]
[PlyCount "0"]
[EventDate "2010.04.24"]
[EventRounds "8"]
[EventCountry "ESP"]

1.Nf3 Nf6 2.c4 g6 3.d4 Bg7 4.Nc3 d6 5.Bg5 h6 6.Bh4 O-O 7.e3 Nbd7 8.Be2 Qe8 9.O-O
c6 10.Qc2 e5 11.Rfd1 Nh7 12.Ne4 d5 13.cxd5 cxd5 14.Nc3 e4 15.Nd2 Nb6 16.Nb5 Be6
17.Nc7 Rc8 18.Rac1 Qd7 19.Bb5 Qd6 20.Bg3 Qe7 21.Qb3 Nf6 22.h3 Bd7 23.a4 Bxb5
24.Nxb5 Rxc1 25.Rxc1 Rc8 26.Rxc8+ Nxc8 27.Nc7 Qd7 28.Qxb7 Ne8 29.Qxd5 Qxa4
30.Qd8

[Event "VI Open de Primavera de Gros"]
[Site "Donostia"]
[Date "2010.05.01"]
[Round "2"]
[Board "1"]
[White "Iglesias Gonzalez, Veronica"]
[Black "Guijarro Galan, Jose Luis"]
[Result "0-1"]
[WhiteElo "1803"]
[BlackElo "2104"]
[PlyCount "0"]
[EventDate "2010.04.24"]
[EventRounds "8"]
[EventCountry "ESP"]

1.c4 e6 2.d4 d5 3.e3 c6 4.Nf3 f5 5.Ne5 Nf6 6.cxd5 exd5 7.Bd3 Bd6 8.Qf3 O-O 9.Bd2
Qe7 10.Qg3 Ne4 11.Bxe4 fxe4 12.f4 exf3 13.gxf3 Nd7 14.Bc3 Rf5 15.f4 Bxe5 16.dxe5
Nc5 17.Nd2 Rh5 18.Rg1 Rh3 19.Qg5 Qxg5 20.Rxg5 Rxh2 21.O-O-O h6 22.Rg3 Bf5
23.Rdg1 g6 24.b4 Nd3+ 25.Kd1 Kh7 26.e6 Re8 27.Nf3 Rxa2 28.Nh4 Nf2+ 29.Ke1 Ne4
30.Nxf5 Nxg3 31.Rxg3 Rxe6 32.Nxh6 Rc2 33.Bd4 Rc4 34.Nf7 Kg8 35.Ng5 Re8 36.Bb2
Rxb4 37.Bc3 Rxf4 38.Rh3 d4 39.Bd2 Rg4 40.Nf3 Kf7 41.Rh7+ Kf6 42.Rxb7 dxe3
43.Bc3+ Kf5 44.Rxa7 Ke4 45.Rf7 Rg3 46.Ke2 Rg2+ 47.Ke1 Rb8

[Event "VI Open de Primavera de Gros"]
[Site "Donostia"]
[Date "2010.05.01"]
[Round "2"]
[Board "1"]
[White "Urretavizcaya Merino, Asier"]
[Black "Cantabrana Garona, Alejandro"]
[Result "1/2-1/2"]
[WhiteElo "2073"]
[BlackElo "1780"]
[PlyCount "0"]
[EventDate "2010.04.24"]
[EventRounds "8"]
[EventCountry "ESP"]

1.d4 Nf6 2.Bf4 e6 3.Nf3 c5 4.e3 Qb6 5.Nc3 Qxb2 6.Nb5 Nd5 7.Rb1 Qxa2 8.Ne5 Qa5+
9.c3 Nxf4 10.exf4 d5 11.f5 Nc6 12.Ra1 Qd8 13.Nxc6 bxc6 14.Rxa7 Rxa7 15.Nxa7 Bd7
16.fxe6 fxe6 17.Qa4 Qb6 18.Bd3 c4 19.Bc2 Bd6 20.O-O O-O 21.Rb1 Qc7 22.Qa6 Rb8
23.g3 Rxb1+ 24.Bxb1 e5 25.Bc2 exd4 26.cxd4 Be8 27.Ba4 Qe7 28.Nxc6 Qe1+ 29.Kg2
Qe4+ 30.Kg1 Qe1+ 31.Kg2 Qe4+ 32.Kg1 Qe1+

[Event "VI Open de Primavera de Gros"]
[Site "Donostia"]
[Date "2010.05.01"]
[Round "2"]
[Board "1"]
[White "Aguado Zabaleta, Felix"]
[Black "Ladron De Guevara Galar, Fco J"]
[Result "0-1"]
[WhiteElo "1775"]
[BlackElo "2052"]
[PlyCount "0"]
[EventDate "2010.04.24"]
[EventRounds "8"]
[EventCountry "ESP"]

1.d4 d5 2.c4 e6 3.Nf3 Nf6 4.cxd5 exd5 5.Bg5 Nbd7 6.e3 Be7 7.Bd3 O-O 8.Nc3 c6
9.Rc1 Re8 10.O-O Nf8 11.Qc2 Ng6 12.Rfe1 Nh5 13.Bxe7 Rxe7 14.Bf5 Nf6 15.b4 Ne8
16.Bxc8 Rxc8 17.e4 Nd6 18.e5 Nc4 19.Nd2 Nf4 20.Nb3 Qd7 21.f3 b6 22.g3 Ne6 23.f4
c5 24.Nxd5 Qxd5 25.Qxc4 Qxc4 26.Rxc4 b5 27.Rc2 c4 28.d5 Nf8 29.d6 Ree8 30.Nc5
Rcd8 31.f5 Rxd6 32.exd6 Rxe1+ 33.Kf2 Rd1 34.Nb7 Rd5 35.Ke3 Nd7 36.Rd2 Rxd2
37.Kxd2 Kf8 38.Kc3 Ke8 39.a4 bxa4 40.Kxc4 Nb6+ 41.Kc5 a3 42.Na5 Kd7 43.Nb3 Nc8
44.Na1 Nxd6 45.g4 Kc7 46.Kd4 Kc6 47.Kc3 Kd5 48.Nc2 Nb5+ 49.Kb3 a2 50.Ne3+ Ke4
51.Nc2 Kf4 52.h3 Nd4+

[Event "VI Open de Primavera de Gros"]
[Site "Donostia"]
[Date "2010.05.01"]
[Round "2"]
[Board "1"]
[White "Cejudo Urdampilleta, Juan Pablo"]
[Black "Alvarado Fernandez, Mikel"]
[Result "0-1"]
[WhiteElo "1736"]
[BlackElo "2006"]
[PlyCount "0"]
[EventDate "2010.04.24"]
[EventRounds "8"]
[EventCountry "ESP"]

1.d4 d5 2.c4 c6 3.Nc3 Nf6 4.Nf3 a6 5.cxd5 cxd5 6.e3 Nc6 7.Bd3 e6 8.a3 Be7 9.O-O
h6 10.Re1 O-O 11.e4 dxe4 12.Nxe4 b5 13.Nxf6+ Bxf6 14.Ne5 Nxd4 15.Re3 Nf5 16.Re1
Bb7 17.Bf4 Qd4 18.Be4 Bxe4 19.Rxe4 Qxd1+ 20.Rxd1 Rfd8 21.Ree1 g5 22.Bc1 Rxd1

[Event "VI Open de Primavera de Gros"]
[Site "Donostia"]
[Date "2010.05.01"]
[Round "2"]
[Board "1"]
[White "Orube Bona, Andoni"]
[Black "Segovia Sanchez, Antonio"]
[Result "0-1"]
[WhiteElo "1732"]
[BlackElo "1998"]
[PlyCount "0"]
[EventDate "2010.04.24"]
[EventRounds "8"]
[EventCountry "ESP"]

1.e4 d5 2.exd5 Qxd5 3.Nc3 Qa5 4.Nf3 Nf6 5.b4 Qb6 6.Bc4 Bf5 7.a4 e6 8.Ne5 c6 9.g4
Qd4 10.Qe2 Nxg4 11.Nf3 Qd8 12.Nh4 Qxh4 13.Bb3 Bxb4 14.Bb2 Nd7 15.O-O-O Nxf2
16.Rdf1 Nxh1 17.Rxf5 Nc5 18.Ba2 Bxc3 19.Bxc3 Qe4 20.Re5 Qxe2 21.Rxe2 Nxa4 22.Bd4
Nb6 23.Re1 O-O-O 24.Bxg7 Rhg8 25.Bf6 Rd7 26.Rxh1 Rg2 27.d3 Nd5 28.Be5 b6 29.Rf1
Ne3 30.Rf3 Rxc2+ 31.Kb1 Rxd3

[Event "VI Open de Primavera de Gros"]
[Site "Donostia"]
[Date "2010.05.08"]
[Round "3"]
[Board "1"]
[White "Ros Eskisabel, Jose Ramon"]
[Black "Etxagibel Larranaga, Asier"]
[Result "1-0"]
[WhiteElo "2143"]
[BlackElo "1952"]
[PlyCount "85"]
[EventDate "2010.04.24"]
[EventRounds "8"]
[EventCountry "ESP"]

1.e4 c5 2.Nf3 Nc6 3.d4 cxd4 4.Nxd4 e5 5.Nb5 a6 6.Nd6+ Bxd6 7.Qxd6 Qf6 8.Qd1 Qg6
9.Nc3 Nge7 10.h4 h5 11.Bg5 d5 12.Bxe7 d4 13.Ne2 Kxe7 14.Ng3 Qh6 15.a3 g6 16.Bd3
Be6 17.b4 Rhc8 18.Qb1 b5 19.a4 Na7 20.axb5 Nxb5 21.Ra5 Bc4 22.O-O Bxd3 23.cxd3
Qd2 24.Qb3 f6 25.Rfa1 Rc2 26.Rf1 Qc3 27.Qd5 Qc6 28.Qb3 Rb8 29.Ra2 Rxa2 30.Qxa2
Nc3 31.Qd2 Rxb4 32.Qh6 Qe8 33.f4 Rb1 34.Rxb1 Nxb1 35.f5 g5 36.hxg5 fxg5 37.Qxg5+
Kf8 38.Nxh5 Qe7 39.Qh6+ Ke8 40.Qc6+ Kf8 41.Qh6+ Ke8 42.Nf6+ Kf7 43.Qg6+

[Event "VI Open de Primavera de Gros"]
[Site "Donostia"]
[Date "2010.05.08"]
[Round "3"]
[Board "1"]
[White "Juez Villar, Erik"]
[Black "Corral Sierra, Javier"]
[Result "0-1"]
[WhiteElo "1940"]
[BlackElo "2123"]
[PlyCount "0"]
[EventDate "2010.04.24"]
[EventRounds "8"]
[EventCountry "ESP"]

1.d4 Nf6 2.c4 e6 3.Nc3 Bb4 4.f3 c5 5.a3 Bxc3+ 6.bxc3 Nc6 7.e4 d6 8.Be3 b6 9.Bd3
e5 10.Ne2 h6 11.Bc2 Na5 12.Qd3 Qd7 13.Rb1 Ba6 14.Rb5 Nxc4

[Event "VI Open de Primavera de Gros"]
[Site "Donostia"]
[Date "2010.05.08"]
[Round "3"]
[Board "1"]
[White "Guijarro Galan, Jose Luis"]
[Black "Fernandez Zubitur, Jokin"]
[Result "1-0"]
[WhiteElo "2104"]
[BlackElo "1908"]
[PlyCount "0"]
[EventDate "2010.04.24"]
[EventRounds "8"]
[EventCountry "ESP"]

1.e4 e5 2.f4 d5 3.exd5 exf4 4.Nf3 Bg4 5.Bb5+ c6 6.dxc6 bxc6 7.Bc4 Bxf3 8.Qxf3
Qh4+ 9.g3 Qe7+ 10.Kd1 Qc5 11.Re1+ Be7 12.Qxf4 Nf6 13.b4 Qh5+ 14.Be2 Qd5 15.Bf3
Qd7 16.b5 Nd5 17.Bxd5 Qxd5 18.Ba3 c5 19.Nc3

[Event "VI Open de Primavera de Gros"]
[Site "Donostia"]
[Date "2010.05.08"]
[Round "3"]
[Board "1"]
[White "Ladron De Guevara Galar, Fco J"]
[Black "Izagirre Alsua, Aritz"]
[Result "1-0"]
[WhiteElo "2052"]
[BlackElo "1820"]
[PlyCount "0"]
[EventDate "2010.04.24"]
[EventRounds "8"]
[EventCountry "ESP"]

1.d4 f5 2.c4 g6 3.Nf3 Nf6 4.Nc3 Bg7 5.g3 d6 6.Bg2 O-O 7.O-O Qe8 8.d5 a5 9.Nd4
Na6 10.e4 fxe4 11.Nxe4 Nxe4 12.Bxe4 Nc5 13.Bg2 Qf7 14.Be3 e5 15.dxe6 Nxe6 16.Qd2
Nxd4 17.Bxd4 Bxd4 18.Qxd4 Rb8 19.Rae1 Qf6 20.Bd5+ Kh8 21.Qxf6+ Rxf6 22.Re8+ Kg7
23.Rfe1 c6 24.R1e7+ Kh6 25.Be6 Bxe6 26.Rxb8 Kg5 27.b3 a4 28.Rbxb7 axb3 29.axb3
d5 30.cxd5 Bxd5 31.f4+ Kg4 32.Kf2 h5 33.Re5 Kh3 34.b4 Bg2 35.Rb6 Rd6 36.Ke3 Kxh2
37.Rg5 Re6+ 38.Kf2 Rd6 39.b5 Rd2+ 40.Ke3 Rb2 41.Rxc6 Rb3+ 42.Kd4 Rxb5 43.Rcxg6
Rxg5 44.Rxg5 Bf3 45.f5 Bg4 46.f6 Be6 47.Ke5 Bf7 48.Kf4 h4 49.gxh4 Kh3 50.h5

[Event "VI Open de Primavera de Gros"]
[Site "Donostia"]
[Date "2010.05.08"]
[Round "3"]
[Board "1"]
[White "Izquierdo Arruferia, Joseba"]
[Black "Olmo Vega, Diego"]
[Result "1/2-1/2"]
[WhiteElo "1807"]
[BlackElo "2025"]
[PlyCount "0"]
[EventDate "2010.04.24"]
[EventRounds "8"]
[EventCountry "ESP"]

1.e4 c5 2.Nc3 e6 3.g3 d5 4.exd5 exd5 5.Bg2 Nf6 6.d3 d4 7.Ne4 Nxe4 8.Bxe4 Nd7
9.Ne2 Nf6 10.Bg2 Bd6 11.O-O O-O 12.Bf4 Bxf4 13.Nxf4 Qc7 14.Qd2 Bd7 15.Rfe1 Rfe8
16.Rxe8+ Rxe8 17.Re1 Rxe1+ 18.Qxe1 Kf8 19.Nd5 Nxd5 20.Bxd5 b6 21.Qe4 g6 22.Qh4
Be6 23.Bxe6 fxe6 24.Qf6+ Qf7 25.Qxf7+ Kxf7 26.f4 e5 27.fxe5 b5 28.Kf2 Ke6 29.Kf3
Kxe5 30.h3 h5 31.Ke2 h4 32.Kf3 hxg3 33.Kxg3 Kf5 34.Kf3

[Event "VI Open de Primavera de Gros"]
[Site "Donostia"]
[Date "2010.05.08"]
[Round "3"]
[Board "1"]
[White "Alvarado Fernandez, Mikel"]
[Black "Puga Senar, Fernando"]
[Result "1/2-1/2"]
[WhiteElo "2006"]
[BlackElo "1723"]
[PlyCount "0"]
[EventDate "2010.04.24"]
[EventRounds "8"]
[EventCountry "ESP"]

1.d4 Nf6 2.Bg5 e6 3.c4 g6 4.Nc3 Bg7 5.Nf3 O-O 6.Qd2 Re8 7.Qf4 d5 8.e3 c6 9.Ne5
Nbd7 10.Qh4 Qc7 11.Nxd7 Nxd7 12.Be2 Qb6 13.b3 c5 14.O-O cxd4 15.Na4 Qd6 16.exd4
dxc4 17.Bxc4 Qxd4 18.Qxd4 Bxd4 19.Rad1 Bf6 20.Be3 b6 21.Bb5 Rd8 22.Rd2 Ne5
23.Bd4 Bb7 24.Rfd1 Ng4 25.Nb2 Bxd4 26.Rxd4 Rxd4 27.Rxd4 Nf6 28.Be2 Rc8 29.Nc4
Bd5 30.Ne3 Bb7 31.h4 Rc1+ 32.Kh2 Ra1 33.a4 Ra2 34.Bd1 Rxf2 35.Kg3 Rb2 36.Kh3 Nd5
37.Nc4 Rf2 38.Bf3 Rf1 39.h5 Kg7 40.Nd6 Bc6 41.h6+ Kf6 42.Rc4 Bd7 43.Kg3 Ke7
44.Ne4 Rh1 45.a5 bxa5 46.Rc5 a6 47.Rxa5 Bb5 48.Ra2 Rxh6 49.Ra1 f6 50.Re1 g5
51.Nc5 Nf4 52.Bg4 e5 53.Rd1 Rg6 54.Ne4 Rg8 55.Nd6 h5 56.Nf5+ Ke8 57.Nd6+ Kf8
58.Bf3 Rg7 59.Rc1 Rd7 60.Rc8+ Ke7 61.Nf5+ Ke6 62.Be4 Rd2 63.Rc7 h4+ 64.Kh2 Nd5
65.Ng7+ Kd6 66.Rc8 Ne7 67.Rd8+ Bd7 68.Ne8+ Ke6 69.Nc7+ Kf7 70.Bd5+ Rxd5 71.Nxd5
Nxd5 72.Rxd7+ Ke6 73.Ra7 e4 74.Rxa6+ Ke5 75.Kg1 g4 76.Ra8 Kd4 77.Ra4+ Kd3 78.b4
e3 79.Ra3+ Kc4 80.Kf1 h3 81.gxh3 gxh3 82.Ke2 f5 83.Ra8 f4 84.Rh8 Nxb4 85.Rxh3
Kd4 86.Rh8 Nd5 87.Rd8 Ke5 88.Kf3 Ke6 89.Re8+ Kf5 90.Rd8 Nc3 91.Rd3 e2 92.Kf2
Nd1+ 93.Kxe2 Ne3 94.Kf3 Ke5 95.Ra3 Nd5 96.Ra5 Kd4 97.Ra4+ Ke5 98.Ra8 Kf5 99.Re8
Nf6 100.Re7 Nd5 101.Rf7+ Nf6 102.Ra7 Nd5 103.Ra5 Ke5 104.Ra4 Kf5 105.Re4 Kf6
106.Kg4 Kg6 107.Re5 Nb4 108.Re6+ Kf7 109.Rd6 Ke7 110.Rd4 Nc6 111.Rxf4 Ke6
112.Kg5 Ke5 113.Rf1 Ke6 114.Re1+ Kd5 115.Kf6 Nd4 116.Re3 Nc2 117.Re5+ Kd4
118.Ke6 Ne3 119.Rh5 Nc4 120.Rh4+ Kc5 121.Rg4 Ne3 122.Rg8 Kd4 123.Rd8+ Ke4
124.Ra8 Kd4 125.Ra5 Nc4 126.Rb5 Ne3 127.Rb1 Nc4 128.Kf5 Kd5 129.Kf4 Kd4 130.Rd1+
Kc5 131.Ke4 Nd6+ 132.Ke5 Nc4+ 133.Ke6 Nb6 134.Rc1+ Kd4 135.Rd1+ Ke4 136.Rb1 Nc4
137.Rh1 Kd4 138.Rh5 Ne3 139.Rh4+ Kc5 140.Re4 Nc4 141.Rf4 Ne3 142.Re4 Nc4 143.Kd7
Kd5 144.Rd4+ Kxd4

[Event "VI Open de Primavera de Gros"]
[Site "Donostia"]
[Date "2010.05.08"]
[Round "3"]
[Board "1"]
[White "Segovia Sanchez, Antonio"]
[Black "Estevez Pegenaute, Eduardo"]
[Result "1/2-1/2"]
[WhiteElo "1998"]
[BlackElo "1534"]
[PlyCount "0"]
[EventDate "2010.04.24"]
[EventRounds "8"]
[EventCountry "ESP"]

1.d4 Nf6 2.Bg5 Ne4 3.Bf4 d5 4.c3 Bf5 5.Nf3 Nd7 6.e3 e6 7.Bd3 Ndf6 8.Ne5 Be7 9.f3
Nd6 10.g4 Bxd3 11.Qxd3 Nd7 12.Nd2 Bh4+ 13.Bg3 Nb6 14.O-O-O Bxg3 15.hxg3 f6
16.Ng6 Rg8 17.Rxh7 Ndc4 18.Nf4 Qd7 19.Nh5 Qa4 20.Nxg7+ Rxg7 21.Rxg7 Qxd1+
22.Kxd1 Nxb2+ 23.Ke2 Nxd3 24.Kxd3 O-O-O 25.Re7 Rd6 26.f4 Kd8 27.Rf7 Nd7 28.a3
Ra6 29.Nb1 c5 30.Rg7 c4+ 31.Kc2 Rb6 32.g5 fxg5 33.Rxg5 Nf6 34.Re5 Ng4 35.Rg5
Nxe3+ 36.Kc1 Ke7 37.Nd2 Ra6 38.Nb1 Rb6

[Event "VI Open de Primavera de Gros"]
[Site "Donostia"]
[Date "2010.05.15"]
[Round "4"]
[Board "1"]
[White "Guijarro Galan, Jose Luis"]
[Black "Ros Eskisabel, Jose Ramon"]
[Result "1-0"]
[WhiteElo "2104"]
[BlackElo "2143"]
[PlyCount "0"]
[EventDate "2010.04.24"]
[EventRounds "8"]
[EventCountry "ESP"]

1.e4 e5 2.Nf3 Nc6 3.Bc4 Nf6 4.Ng5 d5 5.exd5 Na5 6.d3 h6 7.Nf3 e4 8.dxe4 Nxc4
9.Qd4 Nd6 10.Nbd2 Nfxe4 11.Nxe4 Qe7 12.O-O Nxe4 13.Re1 f5 14.Nd2 Qc5 15.Qe5+ Kd8
16.Nxe4 fxe4 17.Rxe4 Bd7 18.Bf4 Qb6 19.Rae1 Rg8 20.Qh5 g6 21.Qe5 g5 22.Bg3 Rc8
23.Rc4 Rg6 24.Rf4 Qd6 25.Rf7 Qxe5 26.Bxe5 Bb4 27.c3 Bd6 28.Bf6+ Rxf6 29.Rxf6 Be7
30.Rxh6 Be8 31.Rhe6

[Event "VI Open de Primavera de Gros"]
[Site "Donostia"]
[Date "2010.05.15"]
[Round "4"]
[Board "1"]
[White "Corral Sierra, Javier"]
[Black "Ladron De Guevara Galar, Fco J"]
[Result "1/2-1/2"]
[WhiteElo "2123"]
[BlackElo "2052"]
[PlyCount "0"]
[EventDate "2010.04.24"]
[EventRounds "8"]
[EventCountry "ESP"]

1.d4 d5 2.c4 e6 3.Nc3 Nf6 4.cxd5 exd5 5.Bg5 Nbd7 6.e3 Be7 7.Qc2 c6 8.Bd3 Nh5
9.Bxe7 Qxe7 10.Nge2 g6 11.O-O-O Nb6 12.Ng3 Ng7 13.Kb1 Be6 14.Rc1 O-O-O 15.Na4
Nxa4 16.Qxa4 Kb8 17.Rc3 Qc7 18.Ra3 b6 19.Rc1 Bd7 20.Qc2 Qd6 21.Ka1 Rc8 22.Ba6
Rc7 23.Rc3 Re8 24.a3 Ne6 25.b4 h5 26.Nf1 f5 27.g3 Ng5 28.f4 Ne4 29.Rb3 h4 30.Bd3
Nf6 31.Be2 hxg3 32.hxg3 Rh8 33.Bf3 Be6 34.Rc3 Rhc8 35.Nd2 Bd7 36.Nb3 Rh8 37.Qb2
Ka8 38.b5 Rhc8 39.bxc6 Rxc6 40.Rxc6 Rxc6 41.Rxc6 Qxc6 42.Nd2 a5 43.Kb1 Ka7

[Event "VI Open de Primavera de Gros"]
[Site "Donostia"]
[Date "2010.05.15"]
[Round "4"]
[Board "1"]
[White "Markina Amutxastegi, Fernando"]
[Black "Argandona Riveiro, Inigo"]
[Result "0-1"]
[WhiteElo "1795"]
[BlackElo "2388"]
[PlyCount "0"]
[EventDate "2010.04.24"]
[EventRounds "8"]
[EventCountry "ESP"]

1.d4 g6 2.e3 Bg7 3.c3 Nf6 4.f4 O-O 5.Nf3 c5 6.Bd3 Nc6 7.Bd2 d6 8.O-O e5 9.Bc2
cxd4 10.cxd4 exd4 11.exd4 Qb6 12.Bc3 Nd5 13.Qd2 Bg4 14.Kh1 Bxf3 15.Rxf3 Nxc3
16.Nxc3 Nxd4 17.Rh3 Qxb2 18.Rc1 Rfc8 19.Rxh7 Qxc3

[Event "VI Open de Primavera de Gros"]
[Site "Donostia"]
[Date "2010.05.15"]
[Round "4"]
[Board "1"]
[White "Sanz Perez, Eduardo"]
[Black "Segovia Sanchez, Antonio"]
[Result "1-0"]
[WhiteElo "2147"]
[BlackElo "1998"]
[PlyCount "0"]
[EventDate "2010.04.24"]
[EventRounds "8"]
[EventCountry "ESP"]

1.f4 g6 2.Nf3 c6 3.e4 d5 4.e5 h5 5.d4 Bg4 6.Bd3 e6 7.h3 Bxf3 8.Qxf3 h4 9.Be3 Nh6
10.O-O Nf5 11.Nd2 Nd7 12.Bf2 Qc7 13.c4 dxc4 14.Nxc4 Be7 15.Rac1 Qd8 16.Be4 Rc8
17.b4 Bxb4 18.Rb1 a5 19.a3 Be7 20.Rxb7 O-O 21.Bxc6 Rc7 22.Rfb1 Rxb7 23.Rxb7 Nb8
24.d5 exd5 25.Bxd5 Qc8 26.Kh2 Bc5 27.Bxf7+

[Event "VI Open de Primavera de Gros"]
[Site "Donostia"]
[Date "2010.05.15"]
[Round "4"]
[Board "1"]
[White "Urretavizcaya Merino, Asier"]
[Black "Sanchez Ruesga, Hector"]
[Result "1-0"]
[WhiteElo "2073"]
[BlackElo "1857"]
[PlyCount "0"]
[EventDate "2010.04.24"]
[EventRounds "8"]
[EventCountry "ESP"]

1.d4 Nf6 2.Bf4 e6 3.e3 d5 4.Nd2 Nbd7 5.Bd3 c5 6.c3 b6 7.Ngf3 Bb7 8.Ne5 Be7 9.Qf3
O-O 10.Qh3 Re8 11.Ndf3 h6 12.Nxd7 Nxd7 13.g4 Nf6 14.g5 hxg5 15.Nxg5 Bd6 16.Be5
Bxe5 17.dxe5 d4 18.exf6 Qxf6 19.Bh7+ Kf8 20.Be4 Bxe4 21.Nxe4 Qe5 22.Qh8+ Ke7
23.Qh4+ f6 24.Rg1 Rg8 25.O-O-O Rad8 26.exd4 cxd4 27.Rge1 dxc3 28.Nxc3 Rxd1+
29.Rxd1 Rc8 30.Qd4

[Event "VI Open de Primavera de Gros"]
[Site "Donostia"]
[Date "2010.05.15"]
[Round "4"]
[Board "1"]
[White "Olmo Vega, Diego"]
[Black "Cantabrana Garona, Alejandro"]
[Result "1-0"]
[WhiteElo "2025"]
[BlackElo "1780"]
[PlyCount "0"]
[EventDate "2010.04.24"]
[EventRounds "8"]
[EventCountry "ESP"]

1.e4 e6 2.d4 b6 3.Nf3 Bb7 4.Bd3 c5 5.c3 Nf6 6.Qe2 d6 7.O-O Be7 8.Nbd2 O-O 9.e5
dxe5 10.dxe5 Nfd7 11.Rd1 Qc7 12.a4 Nc6 13.Nc4 Rfd8 14.h4 Nf8 15.Bg5 Rd7 16.Bxe7
Nxe7 17.Nd6 Bc6 18.h5 h6 19.Nd2 Rad8 20.N2c4 a6 21.a5 b5 22.Nb6 Nd5 23.Nxd7 Qxd7
24.Qg4 c4 25.Bc2 Qe7 26.Rd4 f5 27.Qg3 Nd7 28.Re1 Nc5 29.Red1 Nd7 30.f4 Nf8
31.Re1 Qc7 32.Qh4 Rd7 33.g4 fxg4 34.Qxg4 Re7 35.f5 exf5 36.Nxf5 Re6 37.Be4 Rxe5
38.Bxd5+ Rxd5 39.Ne7+ Qxe7 40.Rxe7 Rg5 41.Qxg5

[Event "VI Open de Primavera de Gros"]
[Site "Donostia"]
[Date "2010.05.15"]
[Round "4"]
[Board "1"]
[White "Estevez Pegenaute, Eduardo"]
[Black "Alvarado Fernandez, Mikel"]
[Result "0-1"]
[WhiteElo "1534"]
[BlackElo "2006"]
[PlyCount "0"]
[EventDate "2010.04.24"]
[EventRounds "8"]
[EventCountry "ESP"]

1.e4 d5 2.exd5 Nf6 3.Nf3 Nxd5 4.Bc4 Bg4 5.c3 e6 6.Qa4+ Qd7 7.Bb5 c6 8.Bxc6 Nxc6
9.Qxg4 Nf6 10.Qa4 Be7 11.d4 O-O 12.O-O a6 13.Nbd2 b5 14.Qd1 Rfd8 15.Re1 Rac8
16.a3 a5 17.Ne4 Qd5 18.Nxf6+ Bxf6 19.Qe2 h6 20.Bf4 b4 21.axb4 axb4 22.Nd2 bxc3
23.bxc3 Ne7 24.Ne4 Qf5 25.Qe3 Nd5 26.Nxf6+ Qxf6 27.Be5 Qg6 28.Qd2 Rxc3 29.Ra5
Rc2 30.Qd1 Rdc8 31.Ra3 f6 32.Rg3 Qf7 33.Bd6 R8c4 34.h3 g5 35.f4 Rc1 36.Qxc1 Rxc1
37.Rxc1 Qd7 38.Bc5 Nxf4 39.Rc2 Qd5 40.Rf2 Qe4 41.Rg4 Qe5

[Event "VI Open de Primavera de Gros"]
[Site "Donostia"]
[Date "2010.05.15"]
[Round "4"]
[Board "1"]
[White "Puga Senar, Fernando"]
[Black "Torres, Patrice"]
[Result "0-1"]
[WhiteElo "1723"]
[BlackElo "2003"]
[PlyCount "0"]
[EventDate "2010.04.24"]
[EventRounds "8"]
[EventCountry "ESP"]

1.d4 d5 2.c4 c6 3.Nc3 Nf6 4.cxd5 cxd5 5.Bf4 Nc6 6.e3 e6 7.Nf3 Bd6 8.Bxd6 Qxd6
9.Bb5 O-O 10.Bxc6 bxc6 11.Rc1 Rb8 12.Qc2 c5 13.dxc5 Qxc5 14.O-O Ba6 15.Rfd1 Qb4
16.b3 Rfc8 17.Qb2 Rc4 18.Ne5 Rc7 19.Ne2 Bxe2 20.Qxe2 Rbc8 21.Rxc7 Rxc7 22.h3 Qd6
23.Nf3 Ne4 24.Qb5 g6 25.Nd4 Kg7 26.Qb8 a6 27.Qe8 Nc3 28.Rd2 Nxa2 29.Rc2 Rxc2
30.Nxc2 e5 31.f4 exf4 32.Qa4 Nc3 33.Qd4+ Qf6 34.Qxf6+ Kxf6 35.exf4 Kf5 36.g3 Ke4
37.Kf2 a5 38.Ne1 Nb5 39.Nf3 f6 40.Ke2 Nd4+ 41.Nxd4 Kxd4 42.Kd2 f5 43.Kc2 Ke3
44.Kc3 d4+

[Event "VI Open de Primavera de Gros"]
[Site "Donostia"]
[Date "2010.05.22"]
[Round "5"]
[Board "1"]
[White "Argandona Riveiro, Inigo"]
[Black "Olmo Vega, Diego"]
[Result "1-0"]
[WhiteElo "2388"]
[BlackElo "2025"]
[PlyCount "0"]
[EventDate "2010.04.24"]
[EventRounds "8"]
[EventCountry "ESP"]

1.e4 c5 2.Nf3 Nc6 3.d4 cxd4 4.Nxd4 Nf6 5.Nc3 e5 6.Ndb5 d6 7.Bg5 a6 8.Na3 b5
9.Bxf6 gxf6 10.Nd5 f5 11.Bd3 Be6 12.O-O Bg7 13.Qh5 f4 14.c4 b4 15.Nc2 a5 16.Rad1
O-O 17.Be2 Ne7 18.Nxe7+ Qxe7 19.b3 Rad8 20.Bg4 Qf6 21.Rd3 Rd7 22.Rfd1 Rfd8 23.a3
bxa3 24.Nxa3 Bf8 25.Nb5 Rb7 26.h3 Rbb8 27.Nc7 a4 28.bxa4 Bxc4 29.Bf5 Qg7 30.Rc3
Bb3 31.Rxb3 Rxb3 32.Ne6 fxe6 33.Bxe6+ Kh8 34.Bxb3 Qg6 35.Qf3 Ra8 36.Rd5 Be7
37.Rb5 Bd8 38.Bd5 Rc8 39.a5 Qe8 40.Qg4 Bf6 41.Rb7 Rb8 42.a6 Ra8 43.Rf7

[Event "VI Open de Primavera de Gros"]
[Site "Donostia"]
[Date "2010.05.22"]
[Round "5"]
[Board "1"]
[White "Ladron De Guevara Galar, Fco J"]
[Black "Sanz Perez, Eduardo"]
[Result "1-0"]
[WhiteElo "2052"]
[BlackElo "2147"]
[PlyCount "0"]
[EventDate "2010.04.24"]
[EventRounds "8"]
[EventCountry "ESP"]

1.d4 e6 2.c4 Nf6 3.Nf3 Bb4+ 4.Bd2 a5 5.g3 d5 6.Bg2 dxc4 7.O-O c5 8.Qc2 O-O 9.Rd1
Nbd7 10.Na3 Bxa3 11.bxa3 b5 12.dxc5 Nxc5 13.Bf4 Qb6 14.Rd6 Qa7 15.Nd4 Bd7 16.Rb1
Nd5 17.Nxb5 Bxb5 18.Rxb5 Nxf4 19.gxf4 Rac8 20.Rc6 Rxc6 21.Bxc6 Rc8 22.Bf3 Nd7
23.f5 Qa6 24.a4 exf5 25.Qxf5 Qg6+ 26.Bg4 Qxf5 27.Bxf5 c3 28.Bc2 Rc5 29.Kf1 g6
30.e3 Kg7 31.Ke2 Kf6 32.f4 Rc6 33.e4 Nb6 34.e5+ Ke7 35.Rxa5 Nc4 36.Ra7+ Kf8
37.Kd3 Nb2+ 38.Ke2 Rc4 39.Ke3 g5 40.f5 Rc5 41.Kd4 Rc4+ 42.Kd5 Rc8 43.f6 h5
44.Ke4 Nc4 45.a5 g4 46.a6 Re8 47.Rc7 Nxe5 48.Re7 Nc6 49.Rxe8+ Kxe8 50.Ke3 Kd8
51.Be4 Na7 52.Kd3 Kd7 53.Bd5 h4 54.Bxf7 g3 55.hxg3 hxg3 56.Bd5 Kd6 57.f7 Ke7
58.Kxc3 Nb5+ 59.Kd3 g2 60.Bxg2 Kxf7 61.Kc4 Na7 62.Kc5 Ke7 63.Kb6 Nc8+ 64.Kb7
Nd6+ 65.Kb8